CTET Central teacher eligibility test paper I / (Record no. 181820)
[ view plain ]
| 000 -LEADER | |
|---|---|
| fixed length control field | 00471nam a22001457a 4500 |
| 005 - DATE AND TIME OF LATEST TRANSACTION | |
| control field | 20211006153441.0 |
| 010 ## - LCCN (DPL NO) | |
| LC control number | EN230921 |
| 020 ## - INTERNATIONAL STANDARD BOOK NUMBER | |
| International Standard Book Number | 9789354493546 |
| Terms of availability | 799.00 |
| 037 ## - SOURCE OF ACQUISITION | |
| Source of stock number/acquisition | Pearson |
| 245 ## - TITLE STATEMENT | |
| Title | CTET Central teacher eligibility test paper I / |
| Statement of responsibility, etc | by Sandeep Kumar and others |
| 260 ## - PUBLICATION, DISTRIBUTION, ETC. (IMPRINT) | |
| Place of publication, distribution, etc | Noida |
| Name of publisher, distributor, etc | Pearson |
| Date of publication, distribution, etc | 2021 |
| 270 ## - ADDRESS | |
| Address | 15th Floor, Tower-B, World Trade Tower, Plot No. 1, Block-C, Sector-16 |
| City | Noida, U.P. |
| Postal code | 201301 |
| 300 ## - PHYSICAL DESCRIPTION | |
| Extent | vp. |
| Dimensions | 24cm(pbk) |
| 942 ## - ADDED ENTRY ELEMENTS (KOHA) | |
| Source of classification or shelving scheme | Dewey Decimal Classification |
| Item type | English Books |
| Call number suffix | CTE |
No items available.
